000 01144nam a2200361 a 4500
001 vtls000102991
003 NLI
005 20210601201856.0
008 101125s1967 enkab 001 0 eng
020 _cUSD 5.60
039 9 _y201011251142
_zVLOAD
040 _aNLI
_beng
_cDataSoft
_eAACR2
041 0 _aeng
044 _aenk
082 0 4 _a321
100 1 _aAllen, Richard V.
_9215930
245 1 0 _aDemocracy and communism :
_btheory and action /
_cRichard V. Allen, Hall Bartlett and Kenneth Collegrove
260 _aLondon :
_bInstitute of Fiscal and Political Education,
_c1967
300 _aviii, 520 p. :
_bill., maps ;
_c23 cm.
500 _aIncludes index
650 0 _aCommunism
_91081
650 0 _aDemocracy
_92011
650 0 _aWorld politics
650 0 _aPeace movement
_97563
700 1 _aBartlett, Hall,
_4jt.aut
_9215931
700 1 _aCollegrove, Kenneth,
_4jt.aut
_9215932
710 2 _aInstitute of Fiscal and Political Education,
_4pbl
_9215933
887 _a
901 _a382697
_b03.10.1967
902 _aE321 Al54
949 _AVIRTUAITEM
_D10000
_X100
_6PUR000382697ENG
942 _2ddc
_cBKS
999 _aVIRTUA00
_c106961
_d106961